Biggest Countries by Methane Emission - Statistics

General Stats
  • This quiz has been taken 61 times
  • The average score is 22 of 30
Answer Stats
Kilitonnes Country % Correct
1,752,290 China
100%
499,809 United States
100%
636,396 India
98%
545,819 Russia
98%
477,077 Brazil
96%
58,199 United Kingdom
94%
158,337 Pakistan
92%
81,179 France
87%
116,705 Mexico
87%
106,847 Canada
85%
88,476 Argentina
83%
125,588 Australia
83%
223,316 Indonesia
81%
67,979 Colombia
77%
121,298 Iran
77%
89,782 Nigeria
77%
63,156 South Africa
75%
78,853 Turkey
74%
105,142 Bangladesh
70%
62,903 Saudi Arabia
70%
68,061 Ukraine
68%
65,071 Poland
66%
64,481 Ethiopia
62%
106,499 Thailand
62%
113,564 Vietnam
62%
71,350 Kazakhstan
51%
96,531 Sudan
49%
80,637 Myanmar
43%
75,336 Democratic Republic of Congo
25%
85,677 Central African Republic
11%
No matching quizzes found
Score Distribution
Percent of People with Each Score
Percentile by Number Answered
Your Score History
You have not taken this quiz